000 00535nam a2200193 a 4500
005 20140310183349.0
008 070605s19uu xx 00 eng d
020 _a0-7506-6785-0
050 _aTS 156
_b.H692 2006
100 _aHoyle, David
245 _aISO 9000 :
_bQuality systems handbook.
250 _a5th.
260 _aArmsterdam :
_bButterworth-Heinemann,
_c2006.
300 _a686 p. :
_bill. ;
_c24 cm.
521 _aBSBA
650 _aISO 9000 Series Standards
_xAuditing.
942 _cBK
_2lcc
_kFOR
999 _c22034
_d22034